000 00319 a2200145 4500
001 194523
020 _a978-0-15-205620-9
040 _cMagnum
100 _aWood, Audrey
240 1 0 _aThe Napping House
_lpor
245 1 0 _aThe Napping House
362 0 _a1984
697 _aLITERATURA INFANTIL INGLESA
942 _cBK
999 _c194523
_d194523